000 00345pab a2200145 454500
008 180718b1987 xxu||||| |||| 00| 0 eng d
100 _aDholakia, Jitendra
245 _aDirect allocation for poverty alleviation welcome
260 _c1987
300 _a21-3
362 _a25 Mar.
650 _aPoverty
773 _aCommerce
909 _a15708
999 _c15708
_d15708